000 01616 a2200217 4500
003 Nust
005 20221229152623.0
010 _a 73078572
020 _a0913708119
040 _cNust
082 0 0 _a621.3892,WEB
100 1 _aWeber, Thad L.
_9106412
245 1 0 _aAlarm systems and theft prevention /
_c[by] Thad L. Weber.
250 _a[1st ed.
260 _aLos Angeles]
_bSecurity World Pub. Co.
_c[1973]
300 _axviii, 385 p.
_c24 cm.
505 _aIntroduction (Page-1), Basic burglary (Page-5), Sophisticated burglary (Page-9), Underwriters laboratories (Page-27), Shopping centre burglary (Page-47), Ultrasonic intrusion alarm systems (Page-56), Environmental causes of false alarms (Page-65), Microwave motion detection (Page 76)9, Hit and run attacks against glass (Page-87), Burglary through unprotected points (Page-92), Residential alarm systems (Page-110), Alarm defeat by lock picking (Page-112), Problems of police connected alarms (Page 120), Oversights in security (Page-126), Attack against alarm telephone circuits (Page-132), First U.S defeat of central station direct connect (Page-138), Remote defeat of alarm telephone circuits (Page 143), Alarm line security (Page-152), Business skills in criminal attack (Page-168), Dual central station protection (Page-171), The thermal lance or burning bar (Page-180), Safe choice and considerations (Page-186), Imported tough safes (Page-200), Robbery attacks (Page-261), The diamond switch (page 308), The consultants role (Page-370).
650 0 _aBurglar alarms.
_9106413
650 0 _aBurglary protection.
_984959
942 _2ddc
_cBK
999 _c183390
_d183390